| 000 | 02415nkm0a2200457 4500 | ||
|---|---|---|---|
| 001 | RU\NLR\BIBL_A\022695437 | ||
| 005 | 20260208075413.0 | ||
| 035 | _a(NLR Aleph) 022695437 | ||
| 090 |
_a13544334 _c13544334 |
||
| 100 | _a20251224d1915 u y0rusy50 ca | ||
| 101 | 0 | _arus | |
| 102 | _aRU | ||
| 116 | _aiiycxx bizz ad | ||
| 135 | _acrcn 024anaba | ||
| 181 | 0 |
_ab4 _bxb2e |
|
| 182 | 0 | _an | |
| 200 | 1 |
_a[Сашка семинарист] _eХудожественные фильмы И. Н. Ермольев, Москва _e[плакат] |
|
| 203 |
_aИзображение _bнеподвижное _bдвухмерное _bвизуальное _cнепосредственное |
||
| 210 |
_aМосква _cТипо-литография Русского товарищества _d1915 |
||
| 215 |
_a1 л. (5 изобр.) _cцв. литограф., фотомехан. печ. _d125х94 |
||
| 300 | _aНа л. наразб. факс. подпись художника | ||
| 300 | _aНа л. внизу фабр. знак "Художественные фильмы. И. Н. Ермольев. Москва" | ||
| 325 | _aКопия доступна в Электрон. б-ке РНБ | ||
| 327 | 1 | _aЧ/б фото сцен фильма | |
| 601 | 0 | 2 |
_aКремль _cМосква, город _jПлакаты _9972370 _3RU\NLR\AUTH\6646065 |
| 606 | 1 |
_aКиноплакат русский _z1908 - 1919 _92508567 _3RU\NLR\AUTH\6601702435 |
|
| 686 | _aЩ153(2Р=Рус)53-465 | ||
| 711 | 0 | 2 |
_aКинофабрика И. Н. Ермольева _cМосква _9864926 _3RU\NLR\AUTH\880599997 |
| 830 | _aДатировка по: Вишневский В. Художественные фильмы дореволюционной России (Фильмографическое описание). - М., Госкиноиздат, 1945. - № 896 | ||
| 852 | 0 | 0 |
_aNLR _bЭ _jАфИс900-II/С228 _mЭаф14737 |
| 852 | 0 | 0 |
_aNLR _bЭ _jАфИс900-II/С228 _mинв.155201 |
| 856 | 0 | _uhttps://vivaldi.nlr.ru/la700001631/view | |
| 856 | 1 | _uhttps://vivaldi.nlr.ru/la700001631/cover | |
| 856 | 2 | _uhttps://vivaldi.nlr.ru/la700001631/text | |
| 942 | _cVISUAL | ||
| 980 | _aNB | ||
| 981 | 1 | 7 |
_a(17) Изографические материалы _b(17) Плакаты |